000 00555nam a2200229 a 4500
999 _c4039
_d4039
001 4039
003 BD-JhCC
005 20180324092625.0
008 171122s19341960e a|||| ||a| 000 0 eng d
035 _a(BD-JhCC)4039
040 _aBD-JhCC
_dBD-JhCC
041 _aeng
082 _a822.33
_bFAU 1960
100 _aFaucett, G. M.
245 _aThe Tempest /
_cG. M. Faucett,
260 _aLondon :
_bOxford University Press,
_c1960
300 _a31 p. :
_c18 cm.
650 _aEnglish Drama
700 _aW. L.
942 _2ddc
_cBK